Syntéza a derivatizácia antibiotika ulokladínu

Guardado en:
Detalles Bibliográficos
Autor principal: Králiková, Romana (Autor)
Otros Autores: Jakubec, Pavol (Orientador)
Formato: Manuscrito Libro
Lenguaje:eslovaco
Publicado: 2023
Materias:
Acceso en línea:http://is.stuba.sk/zp/portal_zp.pl?podrobnosti=165122
Etiquetas: Agregar Etiqueta
Sin Etiquetas, Sea el primero en etiquetar este registro!

MARC

LEADER 00000ntm a22000003a 4500
001 stuzp94318
003 SK-STU
005 20230909221722.6
007 ta
008 150427s2015----xo-----f-mn---000-0-slo-d
040 |a STU  |b slo 
041 0 |a slo 
100 1 |a Králiková, Romana  |u 048140  |4 aut  |U FCHPT Ústav organickej chémie, katalýzy a petrochémie  |T FCHPT Oddelenie organickej chémie  |X 112177  |U C8140  |Y 124  |7 112177 
242 0 1 |a Synthesis and derivatization of the antibiotic ulocladine  |y eng 
245 1 0 |a Syntéza a derivatizácia antibiotika ulokladínu 
260 |c 2023 
650 4 |a ulokladín  |2 slo 
650 4 |a antibiotikum  |2 slo 
650 4 |a aldolová kondenzácia  |2 slo 
650 4 |a totálna syntéza  |2 slo 
650 4 |a oxidačné otváranie furánu  |2 slo 
650 4 |a ulocladine  |2 eng 
650 4 |a antibiotic  |2 eng 
650 4 |a aldol condensation  |2 eng 
650 4 |a total synthesis  |2 eng 
650 4 |a oxidative opening of furan  |2 eng 
700 1 |a Jakubec, Pavol  |u 048140  |k Z1  |4 ths  |U FCHPT Ústav organickej chémie, katalýzy a petrochémie  |T FCHPT Oddelenie organickej chémie  |X 4023  |U C8140  |Y 124  |7 A000004023 
856 4 |u http://is.stuba.sk/zp/portal_zp.pl?podrobnosti=165122